| 000 | 00426nam a2200121Ia 4500 | ||
|---|---|---|---|
| 008 | 220615s9999||||xx |||||||||||||| ||und|| | ||
| 100 | _aChernykh, Yuliya | ||
| 245 | 0 |
_aContract Interpretation in Investment Treaty Arbitration _bA Theory of the Incidental Issue |
|
| 546 | _aEnglish[eng] | ||
| 650 | _aLaw||International law | ||
| 856 | _uhttps://library.oapen.org/bitstream/20.500.12657/53831/1/9789004414709.pdf | ||
| 942 | _cEB | ||
| 999 |
_c17215 _d17215 |
||